[Event "LGA Premium Cup"]
[Site "schach.lga.de"]
[Date "2005.09.08"]
[Round "1.58"]
[White "Süß, Stefan"]
[Black "Walch, Roger"]
[Result "1-0"]
[WhiteElo "2020"]
[BlackElo "1358"]
[PlyCount "51"]
[EventDate "2005.09.08"]
[SourceDate " "]

1. e4 c5 2. Nf3 Nc6 3. d4 cxd4 4. Nxd4 Nf6 5. Nc3 a6 6. Nxc6 bxc6 7. Bd3 e5 8.
O-O Bc5 9. Bg5 O-O 10. Kh1 Be7 11. f4 d6 12. h3 h6 13. Bxf6 Bxf6 14. f5 d5 15.
Qh5 Rb8 16. b3 Qa5 17. Nd1 dxe4 18. Bxe4 Rb4 19. Nf2 Rd8 20. Rae1 Bb7 21. Ng4
Bg5 22. f6 Rxe4 23. Rxe4 Qd2 24. fxg7 Rd7 25. Nxe5 Re7 26. Nf3 1-0

[Event "LGA Premium Cup"]
[Site "schach.lga.de"]
[Date "2005.09.08"]
[Round "1.59"]
[White "Schmidt, Axel"]
[Black "Nuber, Helene"]
[Result "0-1"]
[WhiteElo "1668"]
[BlackElo "2021"]
[PlyCount "102"]
[EventDate "2005.09.08"]
[SourceDate " "]

1. c4 e6 2. Nc3 d5 3. d4 Nf6 4. Nf3 c6 5. e3 Bd6 6. Bd3 O-O 7. O-O Nbd7 8. e4
dxe4 9. Nxe4 Nxe4 10. Bxe4 Nf6 11. Bc2 h6 12. h3 b6 13. Be3 Qc7 14. Rc1 Rd8 15.
Qe2 Bb7 16. Rfd1 Rac8 17. Bb1 Ba6 18. Qc2 c5 19. b3 Bb7 20. Qe2 Bf4 21. dxc5
bxc5 22. Bxf4 Qxf4 23. Qe5 Qxe5 24. Nxe5 Kf8 25. a3 a5 26. Rxd8+ Rxd8 27. Nd3
Nd7 28. b4 axb4 29. axb4 cxb4 30. Nxb4 Nc5 31. Bc2 Rd4 32. Bd1 Be4 33. Be2 Rd2
34. Bf1 Rb2 35. f3 Bxf3 36. gxf3 Rxb4 37. Kf2 Ke7 38. Rd1 Rb3 39. Rc1 Nd3+ 40.
Bxd3 Rxd3 41. Ke2 Rd7 42. Ke3 Kd6 43. Kd4 Kc6+ 44. Kc3 Ra7 45. Kb3 Kc5 46. Rd1
Rb7+ 47. Kc3 Rb4 48. Rd4 Ra4 49. Rf4 f5 50. Rh4 Ra3+ 51. Kd2 Rxf3 0-1

[Event "LGA Premium Cup"]
[Site "schach.lga.de"]
[Date "2005.09.08"]
[Round "1.60"]
[White "Luther, Helmut"]
[Black "Mons, Leon"]
[Result "1-0"]
[WhiteElo "2020"]
[BlackElo "1322"]
[PlyCount "57"]
[EventDate "2005.09.08"]
[SourceDate " "]

1. d4 e6 2. Nf3 d5 3. c4 Nf6 4. Nc3 c6 5. e3 Bd6 6. Bd3 Nbd7 7. e4 dxe4 8. Nxe4
Nxe4 9. Bxe4 Qc7 10. O-O O-O 11. Bg5 b6 12. a3 Rb8 13. Rc1 Bb7 14. Bb1 a5 15.
Qd3 g6 16. Rfd1 Bf4 17. Rc3 f5 18. c5 b5 19. Ba2 Rfe8 20. Re1 Nf8 21. Bh4 Ba6
22. b4 Kg7 23. g3 g5 24. Bxg5 Bxg5 25. Nxg5 Kf6 26. Qd2 a4 27. Nf3 Qg7 28. Rce3
f4 29. Re4 1-0

[Event "LGA Premium Cup"]
[Site "schach.lga.de"]
[Date "2005.09.08"]
[Round "1.61"]
[White "Zrenner, Maximilian"]
[Black "Poysti, Nathanael"]
[Result "0-1"]
[WhiteElo "1306"]
[BlackElo "2010"]
[PlyCount "81"]
[EventDate "2005.09.08"]
[SourceDate " "]

1. e4 Nf6 2. Nc3 d5 3. exd5 Nxd5 4. Bc4 Nb6 5. Bb3 Nc6 6. a3 Bf5 7. Nf3 e6 8.
O-O Be7 9. d3 O-O 10. Be3 Bf6 11. Qd2 Nd4 12. Nxd4 Bxd4 13. Rab1 c5 14. Nb5
Bxe3 15. Qxe3 a6 16. Nc3 Rc8 17. Rbd1 Qc7 18. Ba2 c4 19. dxc4 Nxc4 20. Bxc4
Qxc4 21. Rc1 Rfd8 22. h3 Rd7 23. Qb6 Rc6 24. Qa7 h6 25. g4 Bg6 26. f3 Rd2 27.
Rfd1 Rcd6 28. Rxd2 Rxd2 29. h4 Qf4 30. h5 Qh2+ 31. Kf1 Rg2 32. Ne2 Rxe2 33. Qg1
Rxc2 34. Qxh2 Rxc1+ 35. Kg2 Rc2+ 36. Kg3 Rxh2 37. Kxh2 Bc2 38. f4 g5 39. fxg5
hxg5 40. Kg3 f5 41. gxf5 0-1

[Event "LGA Premium Cup"]
[Site "schach.lga.de"]
[Date "2005.09.08"]
[Round "1.62"]
[White "Wagner, Florian"]
[Black "Dreiseitel, Ursula"]
[Result "1-0"]
[WhiteElo "2010"]
[BlackElo "1249"]
[PlyCount "67"]
[EventDate "2005.09.08"]
[SourceDate " "]

1. e4 d6 2. d4 g6 3. Nc3 Bg7 4. h3 Nf6 5. Nge2 Nbd7 6. g3 O-O 7. Bg2 c5 8. Be3
Rb8 9. a4 a6 10. a5 b5 11. axb6 Qxb6 12. O-O Bb7 13. g4 e6 14. dxc5 Nxc5 15. b4
Qxb4 16. Qxd6 Nfd7 17. Ra4 Be5 18. Qxf8+ Rxf8 19. Rxb4 a5 20. Rbb1 Bc6 21. Rfd1
a4 22. f4 Bc7 23. e5 Bxg2 24. Kxg2 Ra8 25. Ra1 Bb6 26. Bf2 Kf8 27. Nxa4 Rc8 28.
Rxd7 Nxd7 29. Nxb6 Nxb6 30. Bxb6 Rxc2 31. Ra8+ Ke7 32. Kf3 Kd7 33. Ra7+ Kc6 34.
Rc7+ 1-0

[Event "LGA Premium Cup"]
[Site "schach.lga.de"]
[Date "2005.09.08"]
[Round "1.63"]
[White "Gage, Daniel"]
[Black "Leuschner, Günter"]
[Result "0-1"]
[WhiteElo "1263"]
[BlackElo "1997"]
[PlyCount "56"]
[EventDate "2005.09.08"]
[SourceDate " "]

1. e4 d5 2. exd5 Qxd5 3. Nc3 Qa5 4. d4 c6 5. Nf3 Nf6 6. Bc4 Bf5 7. O-O e6 8. h3
Be7 9. Bd2 Qc7 10. Nh4 Be4 11. Re1 Bd5 12. Nxd5 Nxd5 13. Qg4 Nd7 14. Bxd5 cxd5
15. Bg5 h5 16. Qf3 Bxg5 17. Nf5 Bf6 18. Re2 g6 19. Ne3 O-O 20. g4 hxg4 21. Nxg4
Kg7 22. Qe3 Rh8 23. Kh1 Rh5 24. Rg1 Rah8 25. Rg3 Bg5 26. Qa3 Qc4 27. Re1 Qxd4
28. Qe7 Bxe7 0-1

[Event "LGA Premium Cup"]
[Site "schach.lga.de"]
[Date "2005.09.08"]
[Round "1.64"]
[White "Helmbold, Irene"]
[Black "Sabnev, Andrej"]
[Result "1-0"]
[WhiteElo "1993"]
[BlackElo "1259"]
[PlyCount "87"]
[EventDate "2005.09.08"]
[SourceDate " "]

1. e4 e5 2. Nf3 Nc6 3. Nc3 Bc5 4. Nxe5 Bxf2+ 5. Kxf2 Nxe5 6. d4 Ng6 7. Bc4 d6
8. Rf1 Nf6 9. Kg1 O-O 10. Bg5 c6 11. Qf3 b5 12. e5 dxe5 13. Bxb5 Qxd4+ 14. Be3
Qg4 15. Bxc6 Qxf3 16. Bxf3 Rb8 17. Rab1 a6 18. Ba7 Rb4 19. Bc5 Rb8 20. Bxf8
Kxf8 21. Ne4 Nxe4 22. Bxe4 Rb6 23. g3 Be6 24. b3 Bh3 25. Rf2 a5 26. Rd1 Ke7 27.
Rd5 a4 28. Bxg6 hxg6 29. Rxe5+ Kf8 30. Rd2 Rb8 31. Red5 axb3 32. cxb3 Re8 33.
Rd8 Rxd8 34. Rxd8+ Ke7 35. Rd4 g5 36. Kf2 f6 37. b4 Ke6 38. a4 Ke5 39. Rd8 g6
40. b5 Be6 41. b6 Bd5 42. Rxd5+ Kxd5 43. b7 f5 44. b8=Q 1-0

[Event "LGA Premium Cup"]
[Site "schach.lga.de"]
[Date "2005.09.08"]
[Round "1.65"]
[White "Nöttling, Dominik"]
[Black "Hohner, Karl-Heinz"]
[Result "1/2-1/2"]
[WhiteElo "1213"]
[BlackElo "1991"]
[PlyCount "71"]
[EventDate "2005.09.08"]
[SourceDate " "]

1. e4 c5 2. Nf3 d6 3. Be2 Nf6 4. d3 Nc6 5. Nc3 g6 6. O-O Bg7 7. Be3 O-O 8. Qd2
e5 9. Bh6 Bg4 10. Bxg7 Kxg7 11. Qg5 h6 12. Qh4 Bxf3 13. Bxf3 Nd4 14. Rac1 Qd7
15. Qg3 b5 16. Nd5 Nxd5 17. exd5 Nxf3+ 18. Qxf3 f5 19. Rfe1 Rf6 20. Re2 Raf8
21. Rce1 Qf7 22. c3 g5 23. d4 e4 24. Qe3 c4 25. f3 Re8 26. Qd2 Qxd5 27. fxe4
Rxe4 28. Rxe4 fxe4 29. Qe2 Qf5 30. Rf1 Qxf1+ 31. Qxf1 Rxf1+ 32. Kxf1 Kf6 33. g4
Ke6 34. Kf2 a5 35. Ke3 Kd5 36. a3 1/2-1/2

[Event "LGA Premium Cup"]
[Site "schach.lga.de"]
[Date "2005.09.08"]
[Round "1.66"]
[White "Nuber, Blasius"]
[Black "Justi, Fabian"]
[Result "1-0"]
[WhiteElo "1989"]
[BlackElo "1192"]
[PlyCount "65"]
[EventDate "2005.09.08"]
[SourceDate " "]

1. e4 e5 2. Nf3 Nc6 3. d4 exd4 4. Nxd4 Bc5 5. Be3 Bxd4 6. Bxd4 Nf6 7. Nc3 O-O
8. Be2 Re8 9. Bxf6 Qxf6 10. O-O d6 11. Nd5 Qd8 12. f3 Be6 13. Bb5 Qd7 14. c4 a6
15. Bxc6 Qxc6 16. Qd4 b5 17. Rac1 Qb7 18. b3 c5 19. Qd3 bxc4 20. bxc4 Rab8 21.
Rb1 Qa7 22. Ne3 Red8 23. f4 f6 24. Rxb8 Qxb8 25. Rb1 Qa7 26. Qb3 a5 27. Qb6 Qa8
28. Rb5 a4 29. Ra5 Qxe4 30. Qxd8+ Kf7 31. Ra7+ Kg6 32. Qe8+ Kh6 33. Ng4+ 1-0

[Event "LGA Premium Cup"]
[Site "schach.lga.de"]
[Date "2005.09.08"]
[Round "1.67"]
[White "Mack, Lienhard"]
[Black "Thürauf, Peter"]
[Result "0-1"]
[WhiteElo "1134"]
[BlackElo "1985"]
[PlyCount "62"]
[EventDate "2005.09.08"]
[SourceDate " "]

1. e4 c5 2. Nf3 Nc6 3. d4 cxd4 4. Nxd4 Nf6 5. Nc3 d6 6. Bb5 Bd7 7. O-O e6 8.
Re1 Be7 9. Qd3 O-O 10. Bg5 a6 11. Nxc6 Bxc6 12. Bxc6 bxc6 13. Rab1 d5 14. e5
Nd7 15. Bxe7 Qxe7 16. f4 c5 17. Ne2 Rfb8 18. Ng3 c4 19. Qe3 Qc5 20. Qxc5 Nxc5
21. b4 Na4 22. Ne2 Rb6 23. c3 Rab8 24. a3 Nc5 25. Nd4 Ne4 26. Rbc1 a5 27. Re2
axb4 28. axb4 Ra8 29. g4 Ra3 30. Re3 g6 31. Nf3 Rxb4 0-1

[Event "LGA Premium Cup"]
[Site "schach.lga.de"]
[Date "2005.09.08"]
[Round "1.68"]
[White "Kirch, Daniel"]
[Black "Kulok, Solomon"]
[Result "1-0"]
[WhiteElo "1972"]
[BlackElo "1121"]
[PlyCount "81"]
[EventDate "2005.09.08"]
[SourceDate " "]

1. d4 Nf6 2. c4 g6 3. Nc3 Bg7 4. e4 d6 5. Nf3 O-O 6. Be2 Bg4 7. Be3 e6 8. O-O
Nc6 9. Rc1 Bxf3 10. Bxf3 e5 11. d5 Ne7 12. c5 a6 13. Na4 Nd7 14. Be2 f5 15. f3
b6 16. b4 a5 17. Bb5 axb4 18. cxd6 cxd6 19. Bxd7 Qxd7 20. Nxb6 Qa7 21. Qd2 Rad8
22. Nc8 Qb7 23. Nxe7+ Qxe7 24. Qxb4 Rb8 25. Qd2 f4 26. Bf2 g5 27. Rc6 Rfc8 28.
Rfc1 Rxc6 29. dxc6 Qe6 30. Qd5 Qxd5 31. exd5 Kf7 32. a4 Ke7 33. a5 Ra8 34. Bb6
h5 35. a6 g4 36. a7 Bh6 37. c7 Kd7 38. c8=Q+ Rxc8 39. Rxc8 Kxc8 40. a8=Q+ Kd7
41. Qd8# 1-0

[Event "LGA Premium Cup"]
[Site "schach.lga.de"]
[Date "2005.09.08"]
[Round "1.69"]
[White "Schäfer, Ann-Kathrin"]
[Black "Dehmel, Stefanie"]
[Result "0-1"]
[WhiteElo "1115"]
[BlackElo "1968"]
[PlyCount "40"]
[EventDate "2005.09.08"]
[SourceDate " "]

1. d4 Nf6 2. Nf3 g6 3. e3 Bg7 4. Bd3 d5 5. Nbd2 O-O 6. O-O Nbd7 7. c3 c5 8.
dxc5 Nxc5 9. Bc2 Qc7 10. Re1 Rd8 11. Qe2 Nfe4 12. c4 Nxd2 13. Bxd2 Bxb2 14.
Rab1 Bg7 15. cxd5 Rxd5 16. Qc4 Be6 17. a3 Rxd2 18. Qb4 Rxc2 19. Ng5 Ba2 20.
Rbc1 Nd3 0-1

[Event "LGA Premium Cup"]
[Site "schach.lga.de"]
[Date "2005.09.08"]
[Round "1.70"]
[White "Fuhrmann, Max"]
[Black "Hirschberg, Leander"]
[Result "1-0"]
[WhiteElo "1956"]
[BlackElo "1114"]
[PlyCount "55"]
[EventDate "2005.09.08"]
[SourceDate " "]

1. e4 e5 2. Nc3 Nf6 3. g3 Nc6 4. Bg2 d6 5. Nge2 Bg4 6. f3 Be6 7. O-O d5 8. exd5
Bc5+ 9. Kh1 Nxd5 10. Nxd5 Qxd5 11. f4 O-O 12. f5 Rfd8 13. Nc3 Qd6 14. Ne4 Qe7
15. fxe6 fxe6 16. d3 Bb6 17. Bg5 Qd7 18. Bxd8 Qxd8 19. Qg4 Qe7 20. Qg5 Qb4 21.
b3 Qd4 22. Rad1 Qb2 23. Nf6+ Kh8 24. Nh5 e4 25. dxe4 g6 26. Rd8+ Rxd8 27. Qxd8+
Nxd8 28. Rf8# 1-0

[Event "LGA Premium Cup"]
[Site "schach.lga.de"]
[Date "2005.09.08"]
[Round "1.71"]
[White "Buck, Andreas"]
[Black "Koellner, Ulrich"]
[Result "0-1"]
[WhiteElo "1094"]
[BlackElo "1952"]
[PlyCount "52"]
[EventDate "2005.09.08"]
[SourceDate " "]

1. e4 c6 2. Nf3 d5 3. d3 Bg4 4. Bf4 e6 5. Nbd2 Nf6 6. Be2 Be7 7. O-O O-O 8. c4
dxe4 9. Nxe4 Nbd7 10. Qd2 Nc5 11. Nxf6+ Bxf6 12. Qe3 Qe7 13. b4 Bxa1 14. bxc5
Bf6 15. Bd6 Qd7 16. Bxf8 Rxf8 17. Ne5 Bxe5 18. Bxg4 Bd4 19. Qe4 f5 20. Bxf5
Rxf5 21. g4 Rf6 22. g5 Rf5 23. h4 e5 24. Kg2 Rf4 25. Qe2 Rg4+ 26. Kh3 Re4+ 0-1

[Event "LGA Premium Cup"]
[Site "schach.lga.de"]
[Date "2005.09.08"]
[Round "1.72"]
[White "Zier, Verena"]
[Black "Kuhlmann, Steffen"]
[Result "1-0"]
[WhiteElo "1854"]
[BlackElo "1084"]
[PlyCount "47"]
[EventDate "2005.09.08"]
[SourceDate " "]

1. d4 d5 2. c4 e6 3. Nc3 Nc6 4. Nf3 Nf6 5. cxd5 exd5 6. Bg5 h6 7. Bxf6 Qxf6 8.
Nxd5 Qd8 9. Nc3 Bg4 10. e3 Bb4 11. Bd3 Qe7 12. O-O O-O-O 13. a3 Bd6 14. Nb5 h5
15. Rc1 a6 16. Nxd6+ Rxd6 17. e4 Rf6 18. Be2 Qe6 19. d5 Qf5 20. dxc6 h4 21.
cxb7+ Kb8 22. Qc2 Qd7 23. Ne5 Qe6 24. Qxc7+ 1-0

[Event "LGA Premium Cup"]
[Site "schach.lga.de"]
[Date "2005.09.08"]
[Round "1.73"]
[White "Junk, Philipp"]
[Black "Grimm, Pascal"]
[Result "0-1"]
[WhiteElo "1011"]
[BlackElo "1838"]
[PlyCount "146"]
[EventDate "2005.09.08"]
[SourceDate " "]

1. e4 c5 2. Nf3 Nc6 3. d3 g6 4. g3 Bg7 5. Bg2 e6 6. O-O Nge7 7. Nbd2 d6 8. h4
b6 9. Re1 Bb7 10. Nc4 b5 11. Ne3 Qd7 12. Ng4 O-O-O 13. c3 h6 14. d4 e5 15. Kh2
exd4 16. cxd4 Nxd4 17. Bh3 Ne6 18. a4 b4 19. Ng1 h5 20. Ne3 Bxe4 21. Nc4 Bd5
22. Qc2 Nc6 23. Bg5 Ncd4 24. Qd3 Rde8 25. Re3 f5 26. Ne2 Nxg5 27. hxg5 Nxe2 28.
Rxe2 Rxe2 29. Qxe2 Bxc4 30. Qxc4 Re8 31. Qa6+ Kd8 32. Rd1 Be5 33. f4 Bd4 34.
Bg2 Re3 35. Bc6 Qc7 36. Bb7 Qb6 37. Qxb6+ axb6 38. Bd5 Ke7 39. b3 Re2+ 40. Kh3
Bf2 41. Bg8 Re3 42. Bh7 Bxg3 43. Bxg6 Bxf4+ 44. Kg2 Bxg5 45. Bxf5 Rxb3 46. Rh1
h4 47. Re1+ Kf6 48. Bh3 Rg3+ 49. Kh2 Be3 50. Rf1+ Ke5 51. Rf5+ Ke4 52. Rf1 d5
53. Rd1 c4 54. Bg2+ Rxg2+ 55. Kxg2 c3 56. Rb1 c2 57. Rxb4+ Ke5 58. Rxh4 c1=Q
59. Rh5+ Kd4 60. Rh4+ Kc5 61. Rh8 Qg1+ 62. Kf3 Qf2+ 63. Kg4 Qf4+ 64. Kh3 Qf5+
65. Kh2 Qe5+ 66. Kh3 Qxh8+ 67. Kg3 Qe5+ 68. Kf3 Bd4 69. Kg2 Qe3 70. Kh2 Be5+
71. Kg2 Bg3 72. Kh1 Qf2 73. a5 Qh2# 0-1

[Event "LGA Premium Cup"]
[Site "schach.lga.de"]
[Date "2005.09.08"]
[Round "1.74"]
[White "Kirch, Florian"]
[Black "Hennch, Thomas"]
[Result "1-0"]
[WhiteElo "1821"]
[BlackElo "935"]
[PlyCount "83"]
[EventDate "2005.09.08"]
[SourceDate " "]

1. d4 d5 2. c4 Nf6 3. cxd5 Nxd5 4. e4 Nf6 5. Nc3 Nc6 6. Bb5 Bd7 7. Nf3 a6 8.
Ba4 b5 9. Bc2 e6 10. Bf4 Bd6 11. e5 b4 12. exd6 bxc3 13. dxc7 Qe7 14. bxc3 Nd5
15. Bd2 Nxc7 16. O-O Nd5 17. Re1 Na5 18. Ne5 Nc6 19. Nxd7 Qxd7 20. Ba4 O-O 21.
Qg4 Nf6 22. Qh3 Qd5 23. Bb3 Qb5 24. Rab1 Rab8 25. Rxe6 Kh8 26. Ree1 a5 27. Bc2
Qc4 28. Rxb8 Rxb8 29. Bb3 Qb5 30. Bxf7 Qb7 31. Qd3 Rf8 32. Bb3 Ng4 33. f3 Nf6
34. Bc1 Qb8 35. Qd2 Re8 36. Rxe8+ Nxe8 37. Ba4 Nd6 38. Bxc6 Nc4 39. Qc2 Ne3 40.
Qb2 Qxb2 41. Bxb2 Nd1 42. Ba1 1-0

[Event "LGA Premium Cup"]
[Site "schach.lga.de"]
[Date "2005.09.08"]
[Round "1.75"]
[White "Stohl, Leonie"]
[Black "Zier, Oliver"]
[Result "0-1"]
[WhiteElo "865"]
[BlackElo "1821"]
[PlyCount "42"]
[EventDate "2005.09.08"]
[SourceDate " "]

1. e4 c5 2. Nf3 e6 3. d4 cxd4 4. Nxd4 Nf6 5. Nc3 Nc6 6. Be3 Bb4 7. Bd3 d5 8. f3
Ne5 9. O-O Nxd3 10. Qxd3 O-O 11. e5 Nd7 12. f4 Nc5 13. Qe2 Bxc3 14. bxc3 b6 15.
Rad1 Ba6 16. Nb5 Qe8 17. Rb1 Ne4 18. Qg4 Bxb5 19. Rf3 Be2 20. Re1 Bxf3 21. gxf3
f5 0-1